000 00813nam a2200253 i 4500
003 DO-SdBNP
005 20250820073651.0
007 ta
008 250725b2025 dr ac||| |||| 00| 0 spa d
020 _a9798309663835
040 _aDO-SdBNP
_bspa
_cBNPHU
_erda
041 _aspa
082 4 _axxx
_bM663c
_222
100 _aMinaya, Leopoldo,
_d1963-
_eautor
_4aut.
_918314
245 1 0 _aComedia al pie de la luna :
_bo charla al pie de la luna o tierna canción lunatica /
_cLeopoldo Minaya
264 1 _aSanto Domingo :
_bPrincipe Editoral,
_c2025.
300 _a81 páginas :
_bilustraciones, retratos ;
_c23 cm.
336 _atexto
_btxt
_2rdacontent
337 _ardacontent
_bn
_2rdamedia
338 _avolumen
_bnc
_2rdacarrier
590 _aInventariado, 2025/BT
910 _aBtavárez
942 _2ddc
_cLBS1
999 _c58359
_d58359